Consideraciones sobre el doble estándar en los procesos de gestación por sustitución / (Registro nro. 5800)
[ vista simple ]
| 000 -LEADER | |
|---|---|
| fixed length control field | 00975nab a22002057a 4500 |
| 003 - CONTROL NUMBER IDENTIFIER | |
| control field | OSt |
| 005 - DATE AND TIME OF LATEST TRANSACTION | |
| control field | 20260106204514.0 |
| 008 - FIXED-LENGTH DATA ELEMENTS--GENERAL INFORMATION | |
| fixed length control field | 190514b xxu||||| |||| 00| 0 spa d |
| 040 ## - CATALOGING SOURCE | |
| Transcribing agency | PJ |
| 100 ## - MAIN ENTRY--PERSONAL NAME | |
| 9 (RLIN) | 6708 |
| Personal name | Lima, Natacha S. |
| 245 13 - TITLE STATEMENT | |
| Title | Consideraciones sobre el doble estándar en los procesos de gestación por sustitución / |
| Statement of responsibility, etc | Natacha S. Lima, Lucía Ariza. |
| 300 ## - PHYSICAL DESCRIPTION | |
| Extent | p. 131-138 |
| 505 ## - FORMATTED CONTENTS NOTE | |
| Formatted contents note | Sumario: I. Introducción.— II. Moverse hacia Buenos Aires: “la meca” de la gestación por sustitución.— III. Mater semper certa est.— IV. ¿La solidaridad como respuesta a la no regulación?— V. Palabras de cierre. |
| 505 ## - FORMATTED CONTENTS NOTE | |
| Title | Si te interesa el texto, comunicate a koha@justierradelfuego.gov.ar |
| 650 #0 - SUBJECT ADDED ENTRY--TOPICAL TERM | |
| 9 (RLIN) | 967 |
| Topical term or geographic name as entry element | DERECHO DE FAMILIA |
| 650 #0 - SUBJECT ADDED ENTRY--TOPICAL TERM | |
| 9 (RLIN) | 4486 |
| Topical term or geographic name as entry element | GESTACION POR SUSTITUCION |
| 700 ## - ADDED ENTRY--PERSONAL NAME | |
| 9 (RLIN) | 6709 |
| Personal name | Ariza, Lucía |
| 773 0# - HOST ITEM ENTRY | |
| Host Biblionumber | 2844 |
| Host Itemnumber | 3222 |
| Place, publisher, and date of publication | Buenos Aires : AbeledoPerrot, 1989- |
| Title | Derecho de familia. N° 116 - Septiembre 2024 |
| International Standard Book Number | 18511201 |
| 942 ## - ADDED ENTRY ELEMENTS (KOHA) | |
| Source of classification or shelving scheme | |
| Koha item type | Analítica Artículo de Revista |
No hay ítems disponibles.
